[Event "Cannes op"]
[Site "Cannes"]
[Date "1998.??.??"]
[Round "1"]
[White "Golubovic, Boris"]
[Black "Doghri, Nabil"]
[Result "1/2-1/2"]
[WhiteElo "2450"]
[BlackElo "2350"]

1.e4 c5 2.Nf3 Nc6 3.Bb5 g6 4.Bxc6 dxc6 5.h3 e5 6.d3 f6 7.Be3 Nh6 8.O-O Nf7
9.c3 Bd6 10.d4 cxd4 11.cxd4 O-O 12.Nc3 exd4 13.Bxd4 Qe7 14.Re1 Ne5 15.Nxe5 Bxe5
16.Bxe5 fxe5 17.Qd2 Be6 18.Rad1 Qc5 19.Qe3 Qxe3 20.Rxe3 Rfd8 21.Red3 Rxd3
22.Rxd3 Kf7 23.h4 Ke7 24.f3 b5 25.a3 a5 26.Kf2 Rb8 27.Rd2 b4 28.axb4 axb4
29.Nd1 Ra8 30.Ne3 Ra2 31.Kg3 c5 32.Nd5+ Bxd5 33.Rxd5 c4 34.Rc5 Rxb2 35.Rxc4 Kd6
36.Rc8 Re2 37.Rh8 b3 38.Rxh7 Kc6 39.Rh8 Kc7 40.Rh7+ Kc6  1/2-1/2

[Event "Cannes op"]
[Site "Cannes"]
[Date "1998.??.??"]
[Round "8"]
[White "Boudre, Jean Pierre"]
[Black "Berthelot, Yannick"]
[Result "1-0"]
[WhiteElo "2380"]
[BlackElo "2285"]

1.e4 c5 2.Nf3 Nc6 3.Bb5 e6 4.O-O Nge7 5.b3 a6 6.Bxc6 Nxc6 7.Bb2 b5 8.a4 b4
9.d4 cxd4 10.Nxd4 Qf6 11.Ra2 Nxd4 12.Bxd4 Qg6 13.Nd2 Bb7 14.f3 d5 15.e5 Rc8
16.Rf2 Be7 17.f4 O-O 18.Nf3 Rc6 19.a5 Rfc8 20.Qd2 h6 21.Re2 Ba8 22.Ne1 Rb8
23.Nd3 Rcc8 24.Re3 Bc6 25.Ba7 Rb7 26.Bc5 d4 27.Rg3 Qf5 28.Bxe7 Rxe7 29.Nxb4 Bb5
30.Ra1 Rd7 31.Re1 Rc3 32.Rxc3 dxc3 33.Qxc3 Qxf4 34.Nd3 Qg5 35.Nf2 Qd2 36.Qxd2 Rxd2
37.c4 Bc6 38.Rd1 Re2 39.Kf1 Rxe5 40.Rd6 Bxg2+ 41.Kxg2 Rxa5 42.Ne4 Ra2+ 43.Rd2 Ra3
44.c5  1-0

[Event "Cannes op"]
[Site "Cannes"]
[Date "1998.??.??"]
[Round "9"]
[White "Le Roux, Jean Pierre"]
[Black "Doghri, Nabil"]
[Result "1-0"]
[WhiteElo "2275"]
[BlackElo "2350"]

1.e4 c5 2.Nf3 Nc6 3.Bb5 g6 4.O-O Bg7 5.c3 e5 6.Na3 Nge7 7.Nc4 O-O 8.Nd6 Qc7
9.Nxc8 Raxc8 10.Be2 d5 11.d3 Rcd8 12.Qc2 h6 13.Nd2 f5 14.exd5 Nxd5 15.Rd1 Kh8
16.a4 a6 17.Bf1 Rd7 18.Nc4 b6 19.Bd2 Rfd8 20.Rac1 Qb7 21.Be1 h5 22.Bd2 Bf6
23.Ra1 h4 24.Qc1 f4 25.Be1 Nde7 26.Nd2 Nf5 27.Ne4 Be7 28.Qc2 f3 29.gxf3 Rd5
30.Qc1 Qd7 31.Bd2 Ncd4 32.cxd4 Nxd4 33.Bc3 Nxf3+ 34.Kh1 Qg4 35.Be2 Kg7 36.Qe3 Rf8
37.Rg1 Qh3 38.Rg2 Rf5 39.Nd2 Ng5 40.Qxh3 Nxh3 41.Ne4 Nf4 42.Bf1 Nxg2 43.Kxg2 Bd8
44.h3 Bc7 45.Bd2 Bd8 46.Be3 Be7 47.a5 b5 48.Rc1 Rf8 49.Nxc5  1-0

[Event "Cap d'Agde op"]
[Site "Cap d'Agde"]
[Date "1998.??.??"]
[Round "5"]
[White "Etchegaray, Patrice"]
[Black "Degraeve, Jean Marc"]
[Result "1/2-1/2"]
[WhiteElo "2305"]
[BlackElo "2525"]

1.e4 c5 2.Nf3 Nc6 3.Bb5 d6 4.d4 cxd4 5.Qxd4 Bd7 6.Bxc6 Bxc6 7.Nc3 h6 8.Be3 Nf6
9.O-O e5 10.Qd3 Be7 11.Rad1 O-O 12.Nd2 Qc7 13.Nd5 Bxd5 14.exd5 Ng4 15.h3 Nxe3
16.fxe3 Rac8 17.c4 Qb6 18.Kh1 Bg5 19.Rde1 g6 20.Ne4 Bh4 21.g3 Bd8 22.Nf6+ Bxf6
23.Rxf6 Kg7 24.Ref1 Qd8 25.e4 Qxf6 26.Rxf6 Kxf6 27.Qa3 Rfd8 28.b3 a6 29.Qa5 Ke7
30.Qb6 Rd7 31.a4 Rc5 32.a5 f5 33.Qb4 fxe4 34.Qe1 Kd8 35.Qxe4 Rxa5 36.Qxg6 Ra2
37.c5 dxc5 38.d6 Kc8 39.Qe8+ Rd8 40.Qe7  1/2-1/2

[Event "Cap d'Agde op"]
[Site "Cap d'Agde"]
[Date "1998.??.??"]
[Round "7"]
[White "Fressinet, Laurent"]
[Black "Palac, Mladen"]
[Result "0-1"]
[WhiteElo "2450"]
[BlackElo "2545"]

1.e4 c5 2.Nf3 Nc6 3.Bb5 e6 4.O-O Nge7 5.c3 a6 6.Be2 d5 7.exd5 Nxd5 8.d4 cxd4
9.Nxd4 Bd7 10.Bf3 Be7 11.Nf5 exf5 12.Qxd5 Qc7 13.Re1 Be6 14.Qd1 O-O 15.Qa4 Bd6
16.Qh4 Ne5 17.Be2 Ng6 18.Qh5 Rfe8 19.Be3 f4 20.Bd4 f3 21.Qxf3 Bxh2+ 22.Kh1 Bf4
23.Na3 Nh4 24.Qh5 Nf5 25.Nc2 g6 26.Qf3 Nh4 27.Qd3 Bf5 28.Qd1 Qd8 29.Bf1 Qg5
30.Ne3 Nf3 31.Qxf3 Qh4+ 32.Qh3 Bxh3 33.gxh3 Qxf2 34.Ng4 Rxe1 35.Nxf2 Rxa1
36.Kg2 Re8 37.Ng4 Bg5  0-1

[Event "Cappelle op"]
[Site "Cappelle la Grande"]
[Date "1998.??.??"]
[Round "1"]
[White "Kuzmin, Gennadi P"]
[Black "Alonso, Salvador"]
[Result "0-1"]
[WhiteElo "2580"]
[BlackElo "2390"]

1.e4 c5 2.Nf3 Nc6 3.Bb5 e6 4.Bxc6 bxc6 5.O-O f6 6.c3 Nh6 7.d4 Nf7 8.Re1 Be7
9.b3 cxd4 10.cxd4 O-O 11.Qc2 Bb7 12.Ba3 Rc8 13.Bxe7 Qxe7 14.Qb2 c5 15.Qa3 f5
16.Qxa7 fxe4 17.Qxb7 Nd6 18.Qa6 exf3 19.Nd2 fxg2 20.Ne4 Nxe4 21.Rxe4 Qf6
22.Qe2 cxd4 23.Rd1 d3 24.Rxd3 Rc1+ 25.Kxg2 Qa1 26.Rxd7 Rg1+ 27.Kh3 Qf6 28.Rg4 Qh6+
29.Rh4 Qg6 30.Qe4 Qxe4  0-1

[Event "Cappelle op"]
[Site "Cappelle la Grande"]
[Date "1998.??.??"]
[Round "1"]
[White "Nevednichy, Vladislav"]
[Black "El Ghazali, Youssef M"]
[Result "1-0"]
[WhiteElo "2550"]
[BlackElo "2385"]

1.e4 c5 2.Nf3 Nc6 3.Bb5 e6 4.Bxc6 bxc6 5.d3 d6 6.e5 dxe5 7.Nxe5 Bd6 8.Nc4 Ba6
9.Nbd2 Nf6 10.Qf3 Qc7 11.Nxd6+ Qxd6 12.O-O O-O 13.Re1 Qd5 14.Qe2 Rfe8 15.b3 Nd7
16.Ne4 e5 17.c4 Qe6 18.Ba3 Qe7 19.Qd2 f5 20.Nxc5 Nxc5 21.Qa5 Bb7 22.Bxc5 Qd7
23.Rad1 f4 24.f3 Re6 25.Rd2 g5 26.Rde2 Rae8 27.Qxa7 h5 28.h3 g4 29.hxg4 hxg4
30.fxg4 Ra8 31.Qb6 Rg6 32.Rf2 Rxg4 33.Rxe5 Qxd3 34.Re1 Qh7 35.Rfe2 Qd7 36.Rf2 Qh7
37.Rd2 Qh4 38.Rf1 Rg7 39.Bd4 Rf7 40.Qc5 Re8 41.Rd3 f3 42.Rdxf3 Rxf3 43.Rxf3 Re1+
44.Rf1 Rxf1+ 45.Kxf1 Qf4+ 46.Bf2 Qf7  1-0

[Event "Cappelle op"]
[Site "Cappelle la Grande"]
[Date "1998.??.??"]
[Round "5"]
[White "Glek, Igor V"]
[Black "Alonso, Salvador"]
[Result "1-0"]
[WhiteElo "2565"]
[BlackElo "2390"]

1.e4 c5 2.Nf3 Nc6 3.Bb5 e6 4.O-O Nge7 5.Re1 Ng6 6.c3 d5 7.exd5 Qxd5 8.Na3 Be7
9.d4 cxd4 10.Nxd4 O-O 11.Nxc6 bxc6 12.Bf1 Qa5 13.Nc4 Qc7 14.Qh5 c5 15.Re3 Rd8
16.Rh3 Nf8 17.Rf3 Ng6 18.Rh3 Nf8 19.Qf3 Bb7 20.Bf4 Qd7 21.Qh5 Qd5 22.Ne5 g6
23.Qh6 Bf6 24.Ng4 Bg7 25.Qh4 Qf5 26.Nh6+ Bxh6 27.Bxh6 Rd6 28.Re1 Rad8 29.g4 Qd5
30.f3 e5 31.Bxf8 Kxf8 32.Qxh7 Rf6 33.Qh6+ Ke8 34.Qg5 Qd6 35.Bb5+ Bc6 36.Bxc6+ Qxc6
37.Rh8+ Kd7 38.Rd1+ Kc7 39.Qxe5+  1-0

[Event "Ceske Budejovice op"]
[Site "Ceske Budejovice"]
[Date "1998.??.??"]
[Round "?"]
[White "Shurygin, Sergey"]
[Black "Chernyshov, Konstantin"]
[Result "0-1"]
[WhiteElo "2305"]
[BlackElo "2485"]

1.e4 c5 2.Nf3 Nc6 3.Bb5 e6 4.O-O Nge7 5.b3 a6 6.Bxc6 Nxc6 7.Bb2 Qc7 8.c4 b6
9.Re1 Bb7 10.d3 f6 11.Nc3 Bd6 12.a3 O-O 13.h3 Rf7 14.Kh1 Raf8 15.d4 cxd4
16.Nxd4 Be5 17.Nf3 f5 18.Nxe5 Nxe5 19.Qd4 Nc6 20.Qd3 Na5 21.Rad1 Nxb3 22.exf5 Nc5
23.Qd6 Qxd6 24.Rxd6 Rxf5 25.f3 Bxf3 26.gxf3 Rxf3 27.Re2 Rxh3+ 28.Kg1 Rf4
29.Rxb6 Rxc4 30.Rf2 h6 31.Rb8+ Kh7 32.Rc8 Rhxc3 33.Bxc3 Rxc3 34.Rf7 Rg3+
35.Kh2 Rg5 36.Rf4 Nd3 37.Rd4 Ne5 38.Ra4 a5 39.Rf8 h5 40.Kh1 Nc6 41.Raf4 Rd5
42.Rf3 Ne5 43.Rb3 g6 44.Rfb8 Nc6 45.Rc8 Kg7 46.Rc7 Kf6 47.Rbb7 Ne5 48.Rc3 g5  0-1

[Event "Ceske Budejovice op"]
[Site "Ceske Budejovice"]
[Date "1998.??.??"]
[Round "?"]
[White "Zolnierowicz, Krzysztof"]
[Black "Marsalek, Zdenek"]
[Result "0-1"]
[WhiteElo "2390"]
[BlackElo "2235"]

1.e4 c5 2.Nf3 Nc6 3.Bb5 g6 4.O-O Bg7 5.c3 e5 6.d3 Qe7 7.Bg5 f6 8.Be3 Nh6
9.h3 a6 10.Bc4 d6 11.d4 Bd7 12.Qd2 Nf7 13.dxc5 dxc5 14.Bxc5 Qxc5 15.Bxf7+ Ke7
16.Bd5 Rhd8 17.b4 Qd6 18.Na3 Be6 19.Nc4 Qc7 20.Qe3 Bf8 21.Nb6 Rab8 22.a4 Rd6
23.b5 Na5 24.Bxe6 Qxb6 25.Bg8 Qxe3 26.fxe3 Bh6 27.Bxh7 Bxe3+ 28.Kh1 g5 29.Ne1 Rd2
30.Rf3 Nc4 31.Rf1 a5 32.g3 Rbd8 33.Nf3 R2d3 34.Nh2 Rh8 35.Bf5 Rxc3 36.Rad1 Nd6
37.Ng4 Bd4 38.Kg2 Rc2+ 39.Kf3 Nxf5 40.exf5 Rhc8 41.Rxd4 R8c3+ 42.Ke4 exd4
43.Kxd4 Rc4+ 44.Kd5 Rc5+ 45.Kd4 R2c4+ 46.Kd3 Rc1 47.Rf2 R5c3+ 48.Kd4 R3c2
49.Rxc2 Rxc2 50.Ne3 Ra2 51.Kc5 Rxa4 52.Kb6 Kd6 53.Kxb7 Kc5 54.Ng4 Rxg4 55.hxg4 Kxb5  0-1

[Event "Chemnitz op"]
[Site "Chemnitz"]
[Date "1998.??.??"]
[Round "3"]
[White "Joachim, Sven"]
[Black "Lomineishvili, Maia"]
[Result "1-0"]
[WhiteElo "2420"]
[BlackElo "2335"]

1.e4 c5 2.Nf3 Nc6 3.Bb5 g6 4.O-O Bg7 5.Re1 Nf6 6.e5 Nd5 7.Nc3 Nc7 8.Bxc6 dxc6
9.Ne4 b6 10.Nf6+ Kf8 11.Ne4 Bg4 12.d3 Ne6 13.Ned2 Qd5 14.h3 Bxf3 15.Nxf3 f6
16.b3 Kf7 17.Bb2 Rad8 18.Qd2 Rhe8 19.Rad1 Kg8 20.c4 Qd7 21.Bc3 Nd4 22.Bxd4 cxd4
23.Qf4 c5 24.Rd2 Qc7 25.h4 Rf8 26.Qg4 Bh6 27.Qe6+ Rf7 28.Rde2 f5 29.Rb1 Kg7
30.b4 cxb4 31.Rxb4 Rff8 32.Reb2 Bc1 33.R2b3 Qd7 34.Qxd7 Rxd7 35.a4 Rc8 36.Rb5 Rc5
37.Rxc5 bxc5 38.Kf1 Kf7 39.Ke2 Ke6 40.g3 Bh6 41.Rb5 Rc7 42.Ra5 Kd7 43.Nd2 Bxd2
44.Kxd2 Kc6 45.Ra6+ Kd7 46.Kc2 Rb7 47.f3 Kc7 48.g4 fxg4 49.fxg4 Kd7 50.h5 gxh5
51.gxh5 Rb6 52.Rxa7+ Kd8 53.Ra5 Rc6 54.Rb5 Kd7 55.a5 Ke6 56.Kb3 Kxe5 57.Ka4 Kd6
58.Rb6 Kd7 59.Kb5 Rc8 60.a6 Rg8 61.a7 Ra8 62.Ka6 Kc7 63.Rb7+  1-0

[Event "Chemnitz op"]
[Site "Chemnitz"]
[Date "1998.??.??"]
[Round "9"]
[White "Van Haastert, Edwin"]
[Black "Van der Weide, Karel"]
[Result "1-0"]
[WhiteElo "2335"]
[BlackElo "2450"]

1.e4 c5 2.Nf3 Nc6 3.Bb5 g6 4.Bxc6 dxc6 5.h3 Bg7 6.d3 Nf6 7.Nc3 O-O 8.Be3 Nd7
9.Qd2 Re8 10.Bh6 Bh8 11.h4 b5 12.h5 b4 13.Nd1 Ba6 14.hxg6 hxg6 15.Qf4 Nf6
16.Ne3 Qa5 17.e5 Nd5 18.Nxd5 cxd5 19.Bf8 b3+ 20.c3  1-0

[Event "CZE-ch U18"]
[Site "CZE"]
[Date "1998.??.??"]
[Round "?"]
[White "Michalek, Michal"]
[Black "Sochor, Jiri"]
[Result "1/2-1/2"]
[WhiteElo "2810"]
[BlackElo "1900"]

1.e4 c5 2.Nf3 Nc6 3.Bb5 g6 4.Bxc6 bxc6 5.O-O Bg7 6.Re1 Nf6 7.c3 O-O 8.d4 d5
9.exd5 cxd5 10.dxc5 Ne4 11.Be3 Bb7 12.Nbd2 Qc7 13.Nxe4 dxe4 14.Nd4 a6 15.Qa4 e5
16.Nb3 Bc6 17.Qa5 Qb7 18.Qb6 a5 19.Rad1 a4 20.Nd2 f5 21.Bg5 Qxb6 22.cxb6 Rab8
23.Be3 Rfc8 24.g3 Bb5 25.Rc1 g5 26.c4 Ba6 27.Bxg5 Rxb6 28.Rc2 Rbc6 29.b3 Bf8
30.Rec1 Rg6 31.Bh4 Bc5 32.bxa4 e3 33.fxe3 Bxe3+ 34.Kf1 Rxc4 35.Rxc4 Bxd2
36.Rc2 Rc6 37.Rxd2 Rxc4 38.Rd8+ Kf7 39.Rd7+ Ke6 40.Re7+ Kd5 41.Kg1 Ke4 42.Bg5 f4
43.Bxf4 Kf3 44.Rxe5 Re4 45.Rxe4 Kxe4 46.Kf2 Bd3 47.a5 Kd5 48.g4 Kc6 49.h4 Kb5
50.Bd2 Bb1 51.a3 Ka6 52.Kf3 Bc2 53.g5 Bb1 54.h5 Bc2 55.Kf4 Bb1 56.Ke5 Bc2
57.Kf6 Bb1 58.g6 Bxg6 59.hxg6 hxg6 60.Kxg6 Ka7  1/2-1/2

[Event "CZE-chT2 9899"]
[Site "CZE"]
[Date "1998.??.??"]
[Round "?"]
[White "Schula, Michal"]
[Black "Bakalar, Petr"]
[Result "1/2-1/2"]
[WhiteElo "2290"]
[BlackElo "2320"]

1.e4 c5 2.Nf3 Nc6 3.Bb5 g6 4.O-O Bg7 5.c3 Nf6 6.Qe2 O-O 7.Rd1 d5 8.e5 Ne8
9.d4 cxd4 10.cxd4 Nc7 11.Nc3 Bd7 12.Bxc6 Bxc6 13.b4 b5 14.Be3 Qd7 15.Ne1 a5
16.a3 Ra7 17.Nd3 Ne6 18.Rab1 axb4 19.axb4 f5 20.f4 Ra3 21.Rdc1 Rfa8 22.Rb2 Nd8
23.Nc5 Qa7 24.Kf2 Qb6 25.Rcc2 e6 26.Ra2 Bf8 27.Bc1 R3a7 28.Rxa7 Rxa7 29.Ra2 Bxc5
30.bxc5 Qb8 31.Rxa7 Qxa7 32.Qa2 Qxa2+ 33.Nxa2 Bb7 34.Ke3 Kf7 35.Kd3 Ke7 36.Kc3 Nc6
37.Be3 Kd7 38.Bf2 Bc8 39.Bh4 Kc7 40.h3 Kb7 41.Nb4 Nxb4 42.Kxb4 Bd7 43.Be1 Bc6
44.Kb3 Kc8 45.Ba5 h5 46.Kc3 Be8 47.Kd2 Bc6 48.Ke3 Kd7 49.Kf2 Ke7 50.Kg3 Kf7
51.Kh4 Bd7 52.Kg5 Bc6 53.g4 hxg4 54.hxg4 Kg7 55.gxf5 gxf5 56.Be1  1/2-1/2

[Event "Moravia-chT 9899"]
[Site "CZE"]
[Date "1998.??.??"]
[Round "1"]
[White "Biolek, Richard"]
[Black "Hrabe, Petr"]
[Result "1-0"]
[WhiteElo "2425"]
[BlackElo "2290"]

1.e4 c5 2.Nf3 Nc6 3.Bb5 g6 4.O-O Bg7 5.Re1 e5 6.Bxc6 dxc6 7.d3 Ne7 8.Nbd2 f6
9.Nc4 Be6 10.Be3 b6 11.a4 Bxc4 12.dxc4 a5 13.Ra3 Qc7 14.Rd3 Rd8 15.Rxd8+ Qxd8
16.Qe2 Qc7 17.Rd1 Nc8 18.c3 Bf8 19.Ne1 Be7 20.h4 O-O 21.Qg4 Rd8 22.Qe6+ Kg7
23.Rd3 Nd6 24.f3 Nf7 25.b3 Rxd3 26.Nxd3 Nd8 27.Qh3 Qd6 28.Nf2 Qe6 29.Qxe6 Nxe6
30.Nd3 Bd6 31.Kf2 Kf7 32.h5 g5 33.Kg3 Bf8 34.Kg4 Bd6 35.g3 Ng7 36.b4 Ne6
37.b5 cxb5 38.cxb5 Bc7 39.Nb2 Nf8 40.Nc4 Ne6 41.Bd2 Ng7 42.f4 h6 43.Ne3 Ke6
44.c4 Bd8 45.Nf5 Nxf5 46.exf5+ Kd6 47.fxg5 fxg5 48.Kf3 Bf6 49.Ke4 Bh8 50.Bc3 Bg7
51.f6 Bxf6 52.Kf5 Bg7 53.Kg6 Bf8 54.Kf7 Be7 55.Kg7 Ke6 56.Kxh6 Kf5 57.g4+ Kxg4
58.Kg6  1-0

[Event "CZE-chT 9899"]
[Site "CZE"]
[Date "1998.??.??"]
[Round "3"]
[White "Lipka, Juraj"]
[Black "Pisk, Petr"]
[Result "1/2-1/2"]
[WhiteElo "2365"]
[BlackElo "2315"]

1.e4 c5 2.Nf3 Nc6 3.Bb5 e6 4.Bxc6 bxc6 5.d3 f6 6.O-O Ne7 7.Nh4 d6 8.Be3 g6
9.Qd2 g5 10.Nf3 Ng6 11.Nc3 d5 12.exd5 cxd5 13.d4 c4 14.h3 Bd6 15.b3 cxb3
16.axb3 O-O 17.Nb5 Bb8 18.Qa5 Qd7 19.Bd2 h5 20.Bb4 Rf7 21.Ne1 g4 22.hxg4 hxg4
23.Nd3 Nh4 24.Nc5 Qe8 25.g3 Nf5 26.Kg2 e5 27.Na6 Bxa6 28.Qxa6 e4 29.Nc3 Qd7
30.Ra5 Qc7 31.Rc5 Qb7 32.Qxb7 Rxb7 33.Rxd5 Rxb4 34.Rxf5 Rxd4 35.Re1 Be5 36.Nxe4 Kg7
37.Nc5 Kg6 38.Rfxe5 fxe5 39.Rxe5 Rd2 40.Ne4 Rxc2 41.Rg5+ Kf7 42.Rxg4 Rb8
43.Rf4+ Kg7 44.Rf3 Re2 45.Nd6 Rf8 46.Nf5+ Kg6 47.Nh4+ Kg7 48.Nf5+ Kg6 49.Nh4+  1/2-1/2

[Event "CZE-chT 9899"]
[Site "CZE"]
[Date "1998.??.??"]
[Round "3"]
[White "Nedela, Vlastimil"]
[Black "Nun, Jiri"]
[Result "0-1"]
[WhiteElo "2375"]
[BlackElo "2380"]

1.e4 c5 2.Nf3 Nc6 3.Bb5 e6 4.O-O Nge7 5.c4 Ng6 6.d4 cxd4 7.Nxd4 Be7 8.Nc3 O-O
9.Kh1 Na5 10.b3 a6 11.Ba4 Qc7 12.Bb2 b6 13.Qd2 Bb7 14.f4 Rad8 15.Rae1 Bh4
16.Re2 d5 17.cxd5 exd5 18.e5 Bc8 19.Ba3 Be7 20.Bxe7 Nxe7 21.Rc1 Qa7 22.b4 Nc4
23.Qd3 b5 24.Bb3 Qb6 25.f5 f6 26.e6 Qd6 27.a4 Ne5 28.Qd2 bxa4 29.Nxa4 g6
30.fxg6 hxg6 31.Nc5 Kg7 32.Qf4 Rh8 33.Rf1 Rdf8 34.Kg1 a5 35.Nb5 Qb8 36.Ba4 axb4
37.Nd7 Bxd7 38.exd7 Nf5 39.g4 Rh4 40.Rg2 Qb6+ 41.Qf2 Qxf2+ 42.Rfxf2 Ne3 43.Nc7 Kf7
44.Rg3 Rxg4 45.Rxg4 N3xg4 46.Rf4 f5 47.Rxb4 Nf6 48.Rb7 Rd8 49.Rb6 Nexd7 50.Rd6 Rc8
51.Nxd5 Nxd5 52.Rxd5 Rc1+ 53.Kg2 Nc5 54.Bd1 Ne4 55.Bf3 Rc2+ 56.Kg1 Nf6 57.Rd1 g5
58.Rf1 Kg6 59.Bd1 Rd2 60.h3 Nd5 61.Bb3 Nf4 62.Rf3 Ne2+ 63.Kf1 Nd4 64.Rc3 f4
65.Bc4 Rb2 66.Ra3 Kh5 67.Ra2 Rb1+ 68.Kg2 Kh4 69.Rd2 Nf5 70.Be6 Ne3+ 71.Kf3 Rf1+
72.Rf2 Re1 73.Ra2 Nc2 74.Bg4 Re3+ 75.Kf2 Ne1 76.Ra6 Nd3+ 77.Kg2  0-1

[Event "CZE-chT 9899"]
[Site "CZE"]
[Date "1998.??.??"]
[Round "4"]
[White "Kuczynski, Robert"]
[Black "Zpevak, Pavel"]
[Result "1-0"]
[WhiteElo "2470"]
[BlackElo "2380"]

1.e4 c5 2.Nf3 Nc6 3.Bb5 g6 4.Bxc6 dxc6 5.d3 Bg4 6.h3 Bxf3 7.Qxf3 Bg7 8.O-O Nf6
9.a4 O-O 10.Qe2 Ne8 11.Nd2 Nc7 12.f4 Ne6 13.c3 Nc7 14.Nc4 e6 15.a5 Qe7 16.Be3 Rfd8
17.Qf2 Bf8 18.Rad1 f6 19.g4 Rd7 20.Rd2 Rad8 21.Qe2 Bg7 22.f5  1-0

[Event "Moravia-chT 9899"]
[Site "CZE"]
[Date "1998.??.??"]
[Round "5"]
[White "Fuksik, Jakub"]
[Black "Pisk, Petr"]
[Result "0-1"]
[WhiteElo "2270"]
[BlackElo "2310"]

1.e4 c5 2.Nf3 Nc6 3.Bb5 e6 4.O-O Nge7 5.b3 Qc7 6.Bb2 f6 7.Re1 Ng6 8.Nc3 a6
9.Bf1 Bd6 10.h3 O-O 11.d4 cxd4 12.Nxd4 Bc5 13.Nxc6 dxc6 14.a4 Rd8 15.Qf3 Bd7
16.Rad1 b5 17.Re2 Ne5 18.Qg3 Be8 19.Red2 Bg6 20.Rxd8+ Rxd8 21.Rxd8+ Qxd8
22.axb5 axb5 23.Ne2 Qd6 24.Qf4 Bh5 25.Bxe5 fxe5 26.Qg5 Bg6 27.Qg4 Kf7 28.Nc1 Qd2
29.Nd3 Bd4 30.c4 b4 31.h4 h5 32.Qf3+ Kg8 33.Qg3 Bxe4 34.Nxe5 Qc3 35.Qxc3 bxc3
36.Nd3 c2 37.Nc1 Bb2 38.Bd3 Bxd3  0-1

[Event "Moravia-chT 9798"]
[Site "CZE"]
[Date "1998.??.??"]
[Round "5.5"]
[White "Baier, Pavel"]
[Black "Novotny, Jiri"]
[Result "1-0"]
[WhiteElo "2245"]
[BlackElo "2290"]

1.e4 c5 2.Nf3 Nc6 3.Bb5 Qb6 4.Nc3 Nd4 5.Nxd4 cxd4 6.Nd5 Qd8 7.Qh5 a6 8.Qe5 f6
9.Nc7+ Kf7 10.Qd5+ Kg6 11.Be2 e5 12.Nxa8 b5 13.f4 Ne7 14.f5+ Kh6 15.Qf7  1-0

[Event "Moravia-chT 9798"]
[Site "CZE"]
[Date "1998.??.??"]
[Round "6.1"]
[White "Ramik, Zdenek"]
[Black "Zpevak, Pavel"]
[Result "0-1"]
[WhiteElo "2305"]
[BlackElo "2380"]

1.e4 c5 2.Nf3 Nc6 3.Bb5 Qb6 4.Nc3 e6 5.d3 a6 6.Bc4 d6 7.a3 Nf6 8.Be3 Be7
9.O-O Qc7 10.Ba2 O-O 11.h3 b5 12.Nd2 Rd8 13.Ne2 d5 14.f3 Bb7 15.Qe1 Nd4 16.Rc1 Nxe2+
17.Qxe2 c4 18.Bf2 c3 19.Nb1 cxb2 20.Rcd1 Nh5 21.c3 Nf4 22.Qc2 d4 23.c4 Qe5
24.Be1 f5 25.h4 fxe4 26.fxe4 Rf8 27.Rf3 Qh5 28.Rxf4 Rxf4 29.cxb5 Qg4 30.b6 Raf8
31.Bb4 Bxb4 32.axb4 Rf2 33.Bxe6+ Qxe6 34.Qc4 Qxc4 35.dxc4 Bxe4  0-1

[Event "CZE-chT2 9798"]
[Site "CZE"]
[Date "1998.??.??"]
[Round "7.2"]
[White "Reznicek, Tomas"]
[Black "Prymula, Roman"]
[Result "1/2-1/2"]
[WhiteElo "2295"]
[BlackElo "2240"]

1.e4 c5 2.Nf3 Nc6 3.Bb5 g6 4.Bxc6 dxc6 5.h3 Bg7 6.d3 b6 7.Nc3 Qd6 8.Be3 e5
9.Qd2 h6 10.Nh2 g5 11.f3 Ne7 12.Nf1 f6 13.g4 h5 14.Ng3 hxg4 15.hxg4 Rxh1+
16.Nxh1 Ng6 17.Ng3 Nh4 18.Qf2 Be6 19.O-O-O O-O-O 20.b3 Bf8 21.Nf5 Nxf5 22.exf5 Bd5
23.Rh1 c4 24.dxc4 Bxc4 25.Rd1 Qa3+ 26.Kb1 Bd5 27.Ne4 Bxe4 28.Rxd8+ Kxd8 29.fxe4 Kc7
30.c3 Qa6 31.c4 Qa5 32.Qd2 Bb4 33.Qh2 Be7 34.Qd2 Bb4 35.Qh2 Kd7 36.Bc1 a6
37.Qh8 Be7 38.Qg8 Qc5 39.Qe6+ Kd8 40.Qg8+ Kd7 41.Qe6+ Kd8 42.a3 b5 43.b4 Qd6
44.Qxd6+ Bxd6 45.Be3 Kc7 46.Kc2 Be7 47.Kb3 Kb7 48.a4 Kc7 49.a5  1/2-1/2

[Event "Moravia-chT 9798"]
[Site "CZE"]
[Date "1998.??.??"]
[Round "7.2"]
[White "Biolek, Richard"]
[Black "Mudrak, Josef"]
[Result "1-0"]
[WhiteElo "2425"]
[BlackElo "2285"]

1.e4 c5 2.Nf3 Nc6 3.Bb5 g6 4.O-O Bg7 5.c3 Qb6 6.Ba4 Nf6 7.Re1 O-O 8.h3 d5
9.e5 Ne8 10.d4 c4 11.b3 Na5 12.Nbd2 Bf5 13.Ba3 Qd8 14.Bb4 a6 15.Bxa5 Qxa5
16.bxc4 Nc7 17.Bb3 b5 18.cxd5 Rad8 19.c4 Bd3 20.c5 b4 21.d6 exd6 22.cxd6 Nb5
23.Bxf7+ Rxf7 24.Nb3  1-0

[Event "CZE-chT2 9798"]
[Site "CZE"]
[Date "1998.??.??"]
[Round "10.3"]
[White "Cisler, Petr"]
[Black "Horak, Michal"]
[Result "1-0"]
[WhiteElo "2170"]
[BlackElo "2345"]

1.e4 c5 2.Nf3 Nc6 3.Bb5 g6 4.O-O Bg7 5.c3 a6 6.Ba4 b5 7.Bc2 d6 8.h3 Nf6 9.d4 cxd4
10.cxd4 O-O 11.Nc3 Bb7 12.Qe2 Nd7 13.Rd1 b4 14.Nd5 e6 15.Ne3 Nb6 16.Ng4 f5
17.exf5 exf5 18.Qe6+ Kh8 19.Nh6 Qe7 20.Qb3 d5 21.Re1 Qd6 22.Bg5 Rac8 23.Re2 a5
24.Bd3 Bxd4 25.Rae1 Nc4 26.Bxc4 dxc4 27.Qxc4 Rc7 28.Re8  1-0

[Event "CZE-chT2 9798"]
[Site "CZE"]
[Date "1998.??.??"]
[Round "11.6"]
[White "Boukal, Petr"]
[Black "Adamek, Zdenek"]
[Result "1-0"]
[WhiteElo "2265"]
[BlackElo "2135"]

1.e4 c5 2.Nf3 Nc6 3.Bb5 g6 4.O-O Bg7 5.c3 Nf6 6.Qe2 O-O 7.d4 cxd4 8.cxd4 d5
9.e5 Ne8 10.h3 Nc7 11.Ba4 Rb8 12.Be3 b5 13.Bb3 a5 14.Rc1 Bd7 15.a4 Nb4 16.Nc3 bxa4
17.Bxa4 Ra8 18.Nd2 Bf5 19.Nb3 Bd3 20.Qd2 Ne6 21.Ra3 Bc4 22.Rca1 Qc7 23.f4 f5
24.Nc1 g5 25.N1e2 g4 26.hxg4 fxg4 27.Ng3 Bd3 28.Bd1  1-0

[Event "POL-ch sf"]
[Site "Czestochowa"]
[Date "1998.??.??"]
[Round "6"]
[White "Banasik, Henryk"]
[Black "Spicak, Krzysztof"]
[Result "1-0"]
[WhiteElo "2165"]
[BlackElo "2100"]

1.e4 c5 2.Nf3 Nc6 3.Bb5 Nd4 4.Nxd4 cxd4 5.O-O e6 6.d3 a6 7.Ba4 b5 8.Bb3 Bb7
9.f4 g6 10.Nd2 f5 11.exf5 gxf5 12.Qh5+ Ke7 13.Re1 Kd6 14.Qe2 Qf6 15.Nf3 Kc7
16.a4 b4 17.a5 Nh6 18.Bd2 Rg8 19.c3 dxc3 20.bxc3 bxc3 21.Be3 Kd8 22.Bb6+ Ke8
23.Ng5 Rc8 24.d4 Rg7 25.Ba4 Bd5 26.Qxa6 Ra8 27.Qb5 Re7 28.Qd3 Ng4 29.h3 h6
30.Nf3 h5 31.Ng5 Bh6 32.h4 Bxg5 33.fxg5 Qg6 34.Qxc3 f4 35.Bc2 Qf7 36.Bc5 Rc8
37.Be4 Bxe4 38.Rxe4 d6 39.Qf3 dxc5 40.Rxf4 Qg7 41.Rf1 cxd4 42.Rf8+ Kd7 43.Rxc8 Kxc8
44.Qa8+ Kd7 45.Rc1 Kd6 46.Qc6+ Ke5 47.Rc5+ Kf4 48.Qf3+  1-0

[Event "POL-ch sf"]
[Site "Czestochowa"]
[Date "1998.??.??"]
[Round "11"]
[White "Stefanek, Piotr"]
[Black "Spicak, Krzysztof"]
[Result "1-0"]
[WhiteElo "2215"]
[BlackElo "2100"]

1.e4 c5 2.Nf3 Nc6 3.Bb5 Qb6 4.Nc3 e6 5.O-O Nge7 6.Re1 a6 7.Bf1 d6 8.b3 Nd4
9.Na4 Qc7 10.c3 Nxf3+ 11.Qxf3 Nc6 12.Qg3 b6 13.Rd1 e5 14.Nb2 b5 15.a4 Rb8
16.axb5 axb5 17.d4 cxd4 18.cxd4 Nxd4 19.Rxd4 exd4 20.Nd3 g6 21.Bf4 f6 22.Rc1 Qd8
23.Nb4 Bb7 24.Bxb5+ Kf7 25.Qd3 Rc8 26.Bc4+ Kg7 27.Qxd4 Be7 28.Nd5 Bxd5 29.Qxd5 Rf8
30.Be3 f5 31.Rd1 fxe4 32.Qxe4 Bf6 33.g3 Ra8 34.b4 Qc7 35.Bd5 Ra1 36.Rxa1 Bxa1
37.b5 Rb8 38.b6 Rxb6 39.Bxb6 Qxb6 40.Qe7+ Kh6 41.Qf8+ Bg7 42.Qf4+ g5 43.Qf5 Qd8
44.Be4  1-0

[Event "Decin op-A"]
[Site "Decin"]
[Date "1998.??.??"]
[Round "1"]
[White "Karlovich, Anastazia"]
[Black "Kernazhitsky, Leonid"]
[Result "0-1"]
[WhiteElo "2165"]
[BlackElo "2425"]

1.e4 c5 2.Nf3 Nc6 3.Bb5 e6 4.c3 Nge7 5.d4 d5 6.dxc5 Ng6 7.Be3 Be7 8.Nbd2 O-O
9.O-O dxe4 10.Nxe4 Qc7 11.Qc2 f5 12.Neg5 h6 13.Nh3 e5 14.Bc4+ Kh8 15.b4 e4
16.Nd4 Nce5 17.Nf4 Nxf4 18.Bxf4 Nf3+ 19.Nxf3 Qxf4 20.Nd4 Bf6 21.Nb5 a5 22.Rad1 Qe5
23.Rfe1 Qe7 24.Nd6 axb4 25.cxb4 Be6 26.Nxe4 fxe4 27.Qxe4 Bxc4 28.Qxc4 Qf7
29.Qxf7 Rxf7 30.Re2 Ra4 31.Rb1 Re7 32.Rc2 Rxb4 33.Rd1 Rc7 34.Kf1 Rb2 35.Rxb2 Bxb2
36.Rb1 Ba3 37.Rb5 Kg8 38.f3 Kf7 39.Ke2 Bxc5 40.a4 Ke6 41.h4 Kd5 42.f4 Ke4
43.g3 Bd4  0-1

[Event "Decin op-A"]
[Site "Decin"]
[Date "1998.??.??"]
[Round "1"]
[White "Raudive, Aivars"]
[Black "Chernyshov, Konstantin"]
[Result "0-1"]
[WhiteElo "2265"]
[BlackElo "2485"]

1.e4 c5 2.Nf3 Nc6 3.Bb5 e6 4.O-O Nge7 5.Re1 a6 6.Bf1 d5 7.exd5 Nxd5 8.a4 Bd6
9.Na3 O-O 10.Nc4 Bc7 11.b3 Re8 12.Bb2 Nf4 13.g3 Ng6 14.d4 cxd4 15.Nxd4 Nxd4
16.Qxd4 Qxd4 17.Bxd4 Bd7 18.Bg2 Bc6 19.Bxc6 bxc6 20.Rad1 Rad8 21.Bb6 Bxb6
22.Nxb6 Ne7 23.Nd7 Nd5 24.Nc5 Nc7 25.Nb7 Rb8 26.Na5 Nd5 27.Nxc6 Rbc8 28.c4 Rxc6
29.Rxd5 Rb8 30.Rd3 Rcb6 31.Red1 g5 32.Rd8+ Kg7 33.Rxb8 Rxb8 34.Rd3 a5 35.c5 Rc8
36.Rc3 Rc6 37.f4 gxf4 38.gxf4 Kf6 39.Kf2 e5 40.Ke3 Ke6 41.Kd3 exf4 42.Kc4 Rc8
43.Kb5 Kd5 44.c6 f5 45.Rc5+ Ke4 46.Kxa5 f3 47.Kb6 f2 48.Rc1 Rb8+ 49.Ka7 Rg8
50.c7 Kd3 51.Kb7 Kd2 52.Rf1 Ke2 53.Rxf2+ Kxf2 54.c8=Q Rxc8 55.Kxc8 f4 56.a5 Kg1
57.a6 f3 58.a7 f2 59.a8=Q f1=Q 60.Qb8 Qf8+ 61.Kb7 Qb4+ 62.Kc8 Qg4+ 63.Kb7 Qg2+
64.Ka7 Qa2+ 65.Kb7 Qxb3+ 66.Kc8 Qxb8+  0-1

[Event "Decin op-A"]
[Site "Decin"]
[Date "1998.??.??"]
[Round "3"]
[White "Pavlovskaya, Evgenia"]
[Black "Volodin, Viktor"]
[Result "1/2-1/2"]
[WhiteElo "2205"]
[BlackElo "2315"]

1.e4 c5 2.Nf3 Nc6 3.Bb5 g6 4.c3 Bg7 5.O-O Nf6 6.Re1 O-O 7.d3 d6 8.Nbd2 e5
9.Nf1 Be6 10.h3 a6 11.Ba4 b5 12.Bc2 Qc7 13.Be3 h6  1/2-1/2